=LDR 00000nam 2200000 4500 =001 INLIS000000000045723 =005 20150209100247.0 =006 =007 =008 =020 ##$$a 978-979-29-1423 =035 ##$$0010-021500000000283 =040 ##$$a NBPDMAT =082 ##$$a 621.8 =090 ##$$a 621.8 $b Ach m =100 ##$$a Ach.Muhib Zainuri =245 ##$$a Mesin Pemindah Bahan ( Material Handling Ekupment) / $c Oleh Ach. Muhib Zainuri St. Mt =250 ##$$a Cet. 2 =260 ##$$a Yogyakarta $b Andi $c 2010 =300 ##$$a xii, 260 hlm $c Ilus $c 23 cm =500 ##$$a Indeks : hlm. 255 =650 ##$$a Teknik Mesin =990 ##$$a 0001/BPAP-NTB/2015 =990 ##$$a 70747074 =990 ##$$a 21419867 =990 ##$$a 21419868 =990 ##$$a 21419869 =990 ##$$a 21419870 =990 ##$$a 21419871 =990 ##$$a 0001/BPAP-NTB/2015 =990 ##$$a 01201807074